| 000 | 00893nam a22002177a 4500 | ||
|---|---|---|---|
| 999 |
_c17449 _d17449 |
||
| 003 | AR-CdUCM | ||
| 008 | 190329b ||||| |||| 00| 0 spa d | ||
| 020 | _a84-231-0586-5 | ||
| 040 |
_aMUNICIPALIDAD PROVINCIAL DEL CUSCO _cBIBLIOTECA MUNICIPAL DEL CUSCO |
||
| 082 |
_a909 / _bG82 |
||
| 100 |
_aGrimberg, Carl _91720 |
||
| 245 |
_aDescubrimientos y reformas : _bNuevos horizontes ... nuevas perspectivas / |
||
| 260 |
_aBarcelona : _bDaimon, _c1967. |
||
| 300 |
_a422 páginas ; _c19 cm. |
||
| 440 |
_aHistoria universal Daimon. _n6. _937476 |
||
| 505 | _aContenido :v.6. El renacimiento en Italia -- El arte del renacimiento italiano -- Renacimiento y humanismo al norte de los alpes -- Europa occidental a principios del siglo XVI -- Reformadores suizos ... | ||
| 650 |
_aHistoria universal. _91423 |
||
| 650 |
_aDescubrimientos. _9257 |
||
| 942 |
_2ddc _cLIBROS |
||
| 945 |
_arum _d2019-05-08 |
||